00705nam a2200193 a 450000100100000000500170001000800410002702000150006804000250008310000330010824500750014126000440021630000370026049000380029783000450033504900090038095201050038999900170049400003426720200930070923.0110929s2004 es 000 0 spa d a8449315794 aDO-SdBNPbspacBNPHU1 aFisas, Vicenc,d1952-95969010aProcesos de paz y negociación en conflictos armados /cVicenc Fisas. aBarcelona :bEdiciones Paidós,c2004. a226 p. :bil., gráf. ;c24 cm.1 aPaidós estado y sociedad ;v119 0aPaidós estado y sociedad ;v119912469 aBNPD 001050718MOaGRbGRcCTd2011-09-29iLF1l0o p34267-10r2020-06-25w2020-06-25y1ZNo se presta c33758d33758